000 00357nam a2200109Ia 4500
008 230627s9999 xx 000 0 und d
041 _amar
082 _a340
_bLUD
100 _aLudes, F J
245 _aCorpus Juris Secundum V - 51a A Complete Restatement Of The Entire American Law As Developed By All Reported Cases
260 _bAmerican Law Book Co.
_c1967
999 _c689513
_d689513